[Event "euyr2018"]
[Site "?"]
[Date "2018.05.26"]
[Round "6.8"]
[White "Kardis, Benjamin"]
[Black "Viczencz, Peter"]
[Result "0-1"]
[BlackElo "1731"]
[WhiteElo "1688"]
[LiveChessVersion "1.4.8"]

1. e4 {[%clk 0:20:19]} c5 {[%clk 0:20:19]} 2. d4 {[%clk 0:20:27]} cxd4
{[%clk 0:20:27]} 3. c3 {[%clk 0:20:36]} dxc3 {[%clk 0:20:35]} 4. Nxc3
{[%clk 0:20:45]} Nc6 {[%clk 0:20:43]} 5. Nf3 {[%clk 0:20:53]} d6 {[%clk 0:20:49]}
6. Bc4 {[%clk 0:21:00]} Nf6 {[%clk 0:20:55]} 7. e5 {[%clk 0:21:03]} dxe5
{[%clk 0:20:43]} 8. Qxd8+ {[%clk 0:21:10]} Nxd8 {[%clk 0:20:51]} 9. Nb5
{[%clk 0:21:18]} Rb8 {[%clk 0:19:23]} 10. Nxe5 {[%clk 0:20:47]} e6
{[%clk 0:19:07]} 11. Nc7+ {[%clk 0:20:30]} Ke7 {[%clk 0:19:11]} 12. b3
{[%clk 0:20:31]} Kd6 {[%clk 0:19:06]} 13. Bf4 {[%clk 0:19:41]} Ke7
{[%clk 0:18:24]} 14. O-O-O {[%clk 0:19:39]} Nh5 {[%clk 0:16:52]} 15. Bd2
{[%clk 0:18:24]} Nc6 {[%clk 0:16:22]} 16. Nxc6+ {[%clk 0:18:21]} bxc6
{[%clk 0:16:30]} 17. Be3 {[%clk 0:17:38]} Rb7 {[%clk 0:13:38]} 18. Bc5+
{[%clk 0:16:49]} Kf6 {[%clk 0:13:35]} 19. Ne8+ {[%clk 0:16:58]} Kg6
{[%clk 0:13:22]} 20. Bd3+ {[%clk 0:15:27]} f5 {[%clk 0:13:21]} 21. Bxf8
{[%clk 0:13:46]} Rxf8 {[%clk 0:13:09]} 22. Nd6 {[%clk 0:13:54]} Rb4
{[%clk 0:12:45]} 23. Bc4 {[%clk 0:13:27]} Nf4 {[%clk 0:11:28]} 24. Nxc8
{[%clk 0:12:50]} Rxc8 {[%clk 0:11:27]} 25. Rhe1 {[%clk 0:12:58]} Kf6
{[%clk 0:11:31]} 26. Rd6 {[%clk 0:12:55]} Ke7 {[%clk 0:10:07]} 27. Bxe6
{[%clk 0:12:54]} Kxd6 {[%clk 0:10:16]} 28. Bxc8 {[%clk 0:13:03]} Nd3+
{[%clk 0:10:25]} 29. Kd2 {[%clk 0:13:09]} Nxe1 30. Kxe1 {[%clk 0:13:18]} g6
{[%clk 0:10:36]} 31. f3 {[%clk 0:13:24]} Ke5 {[%clk 0:10:32]} 32. Ba6
{[%clk 0:13:29]} Kd4 {[%clk 0:10:17]} 33. Kd2 {[%clk 0:13:34]} h6
{[%clk 0:10:25]} 34. Bc8 {[%clk 0:13:37]} a5 {[%clk 0:10:13]} 35. Bd7
{[%clk 0:13:44]} c5 {[%clk 0:10:20]} 36. Be6 {[%clk 0:13:48]} a4 {[%clk 0:10:28]}
37. g3 {[%clk 0:13:48]} axb3 {[%clk 0:10:36]} 38. axb3 {[%clk 0:13:57]} Rb7
{[%clk 0:10:30]} 39. h3 {[%clk 0:13:51]} Ra7 {[%clk 0:10:39]} 40. Ke2
{[%clk 0:13:32]} Ra2+ {[%clk 0:10:47]} 41. Kf1 {[%clk 0:13:36]} Ke3
{[%clk 0:10:50]} 42. Bd5 {[%clk 0:13:45]} Rf2+ {[%clk 0:10:53]} 0-1

[Event "euyr2018"]
[Site "?"]
[Date "2018.05.26"]
[Round "6.9"]
[White "Varga, Lukas"]
[Black "Slaba, Andrea"]
[Result "1-0"]
[BlackElo "1677"]
[WhiteElo "1646"]
[LiveChessVersion "1.4.8"]

1. e4 {[%clk 0:20:19]} g6 {[%clk 0:20:19]} 2. d4 {[%clk 0:20:27]} Bg7
{[%clk 0:20:28]} 3. Nc3 {[%clk 0:20:34]} d6 {[%clk 0:20:37]} 4. Nf3
{[%clk 0:20:04]} c6 {[%clk 0:20:42]} 5. a4 {[%clk 0:19:44]} Nf6 {[%clk 0:20:40]}
6. Be2 {[%clk 0:19:51]} O-O {[%clk 0:20:48]} 7. O-O {[%clk 0:19:59]} Nbd7
{[%clk 0:20:49]} 8. Be3 {[%clk 0:19:17]} b6 {[%clk 0:20:46]} 9. h3
{[%clk 0:19:08]} Bb7 {[%clk 0:20:54]} 10. a5 {[%clk 0:18:30]} b5 {[%clk 0:20:52]}
11. a6 {[%clk 0:18:23]} Bc8 {[%clk 0:21:00]} 12. e5 {[%clk 0:17:29]} Ne8
{[%clk 0:20:47]} 13. d5 {[%clk 0:15:06]} Nxe5 {[%clk 0:20:32]} 14. Nxe5
{[%clk 0:14:45]} Bxe5 {[%clk 0:20:32]} 15. dxc6 {[%clk 0:14:23]} b4
{[%clk 0:20:17]} 16. Nd5 {[%clk 0:14:06]} Bxb2 {[%clk 0:19:41]} 17. Rb1
{[%clk 0:13:28]} Bg7 {[%clk 0:19:21]} 18. Rxb4 {[%clk 0:13:03]} Nc7
{[%clk 0:19:24]} 19. Bg5 {[%clk 0:11:43]} f6 {[%clk 0:18:49]} 20. Bc4
{[%clk 0:10:41]} e6 {[%clk 0:18:46]} 21. Nxc7 {[%clk 0:10:29]} Qxc7
{[%clk 0:18:55]} 22. Bf4 {[%clk 0:10:22]} Rd8 {[%clk 0:18:41]} 23. Re1
{[%clk 0:08:48]} Kf7 {[%clk 0:16:56]} 24. Rb7 Bxb7 {[%clk 0:16:55]} 25. axb7
{[%clk 0:07:21]} Rab8 {[%clk 0:17:00]} 26. Bxe6+ {[%clk 0:05:53]} Kf8
{[%clk 0:16:50]} 27. Bd7 {[%clk 0:05:53]} Rxd7 {[%clk 0:16:20]} 28. cxd7
{[%clk 0:05:55]} 1-0

[Event "euyr2018"]
[Site "?"]
[Date "2018.05.26"]
[Round "6.10"]
[White "Stauder, Matej"]
[Black "Gzib, David"]
[Result "0-1"]
[BlackElo "1686"]
[WhiteElo "1445"]
[LiveChessVersion "1.4.8"]

1. e4 {[%clk 0:20:16]} c5 {[%clk 0:20:20]} 2. Nf3 {[%clk 0:20:24]} Nc6
{[%clk 0:20:29]} 3. d4 {[%clk 0:20:33]} cxd4 {[%clk 0:20:38]} 4. Nxd4
{[%clk 0:20:42]} g6 {[%clk 0:20:47]} 5. Be3 {[%clk 0:20:23]} Nf6 {[%clk 0:20:49]}
6. Nc3 {[%clk 0:20:03]} Bg7 {[%clk 0:20:58]} 7. f3 {[%clk 0:19:44]} O-O
{[%clk 0:21:00]} 8. Qd2 {[%clk 0:19:48]} d5 {[%clk 0:21:06]} 9. O-O-O
{[%clk 0:16:04]} dxe4 {[%clk 0:15:37]} 10. Nxe4 {[%clk 0:15:45]} Nxe4
{[%clk 0:15:21]} 11. fxe4 {[%clk 0:15:53]} Nxd4 {[%clk 0:11:19]} 12. Bxd4
{[%clk 0:16:01]} Bg4 {[%clk 0:10:13]} 13. Bxg7 {[%clk 0:15:01]} Qxd2+
{[%clk 0:09:43]} 14. Rxd2 {[%clk 0:15:08]} Kxg7 {[%clk 0:09:50]} 15. h3
{[%clk 0:14:56]} Be6 {[%clk 0:09:58]} 16. Be2 {[%clk 0:14:38]} Rac8
{[%clk 0:09:15]} 17. b3 {[%clk 0:14:33]} Rc7 {[%clk 0:08:27]} 18. Kb2
{[%clk 0:14:00]} Rd7 {[%clk 0:07:04]} 19. Rhd1 {[%clk 0:12:25]} Rfd8
{[%clk 0:07:13]} 20. Bd3 {[%clk 0:11:35]} f5 {[%clk 0:06:25]} 21. exf5
{[%clk 0:10:35]} Bxf5 {[%clk 0:06:30]} 22. g4 {[%clk 0:10:42]} Bxd3
{[%clk 0:06:20]} 23. Rxd3 {[%clk 0:10:49]} Rxd3 {[%clk 0:06:12]} 24. Rxd3
{[%clk 0:10:58]} Rxd3 {[%clk 0:05:50]} 25. cxd3 {[%clk 0:10:50]} Kf6
{[%clk 0:05:59]} 26. Kc3 {[%clk 0:09:04]} Kg5 {[%clk 0:06:08]} 27. Kd4
{[%clk 0:09:13]} Kh4 {[%clk 0:06:17]} 28. Ke5 {[%clk 0:08:16]} Kxh3
{[%clk 0:06:21]} 29. Kf4 {[%clk 0:08:23]} Kh4 {[%clk 0:04:24]} 30. g5
{[%clk 0:07:51]} Kh5 {[%clk 0:04:27]} 31. d4 {[%clk 0:06:01]} h6 {[%clk 0:04:36]}
32. gxh6 {[%clk 0:05:39]} Kxh6 {[%clk 0:04:45]} 33. d5 {[%clk 0:05:48]} Kg7
{[%clk 0:04:28]} 34. Ke5 {[%clk 0:03:57]} Kf7 {[%clk 0:04:36]} 35. b4
{[%clk 0:04:06]} a6 {[%clk 0:03:38]} 36. a4 {[%clk 0:03:45]} b6 {[%clk 0:03:46]}
37. b5 {[%clk 0:03:40]} axb5 {[%clk 0:03:38]} 38. axb5 {[%clk 0:03:47]} Kf8
{[%clk 0:03:13]} 39. Kf4 {[%clk 0:00:29]} Kg7 {[%clk 0:03:19]} 40. Ke5
{[%clk 0:00:29]} Kf7 {[%clk 0:03:28]} 41. d6 {[%clk 0:00:13]} exd6+
{[%clk 0:03:37]} 42. Kxd6 {[%clk 0:00:22]} g5 {[%clk 0:03:46]} 43. Kc6
{[%clk 0:00:21]} g4 {[%clk 0:03:55]} 44. Kxb6 {[%clk 0:00:30]} g3
{[%clk 0:04:04]} 45. Ka7 {[%clk 0:00:39]} g2 {[%clk 0:04:12]} 46. b6
{[%clk 0:00:46]} g1=Q {[%clk 0:04:19]} 47. Ka8 {[%clk 0:00:55]} Qa1+
{[%clk 0:04:24]} 48. Kb8 {[%clk 0:01:04]} Ke6 {[%clk 0:04:25]} 49. b7
{[%clk 0:01:13]} Kd6 {[%clk 0:04:31]} 0-1

[Event "euyr2018"]
[Site "?"]
[Date "2018.05.26"]
[Round "6.12"]
[White "Walterova, Ema"]
[Black "Budzak, Tobias"]
[Result "1/2-1/2"]
[BlackElo "1418"]
[WhiteElo "1518"]
[LiveChessVersion "1.4.8"]

1. e4 {[%clk 0:20:19]} e5 {[%clk 0:20:19]} 2. Nf3 {[%clk 0:20:27]} Nc6
{[%clk 0:20:27]} 3. Bc4 {[%clk 0:20:36]} Bc5 {[%clk 0:20:35]} 4. O-O
{[%clk 0:20:43]} Nf6 {[%clk 0:20:44]} 5. Re1 {[%clk 0:20:49]} d6 {[%clk 0:20:51]}
6. h3 {[%clk 0:20:56]} Be6 {[%clk 0:20:59]} 7. Bb5 {[%clk 0:20:51]} Bd7
{[%clk 0:20:37]} 8. c3 {[%clk 0:20:47]} h6 {[%clk 0:20:40]} 9. d4
{[%clk 0:20:46]} exd4 {[%clk 0:20:48]} 10. cxd4 {[%clk 0:20:54]} Bb6
{[%clk 0:20:48]} 11. e5 {[%clk 0:20:32]} dxe5 {[%clk 0:20:07]} 12. Nxe5
{[%clk 0:20:20]} O-O {[%clk 0:19:45]} 13. Nxc6 {[%clk 0:19:47]} Bxc6
{[%clk 0:19:29]} 14. Bxc6 {[%clk 0:19:55]} bxc6 {[%clk 0:19:37]} 15. Be3
{[%clk 0:19:14]} Nd5 {[%clk 0:19:23]} 16. Nc3 {[%clk 0:18:55]} Re8
{[%clk 0:19:32]} 17. Qf3 {[%clk 0:18:29]} Re6 {[%clk 0:17:32]} 18. Rad1
{[%clk 0:16:06]} Qd7 {[%clk 0:15:41]} 19. Na4 {[%clk 0:14:24]} Rf6
{[%clk 0:14:25]} 20. Qg3 {[%clk 0:13:02]} Re8 {[%clk 0:13:17]} 21. Nc5
{[%clk 0:11:40]} Qf5 {[%clk 0:11:52]} 22. Rc1 {[%clk 0:06:44]} Rg6
{[%clk 0:10:55]} 23. Qh2 {[%clk 0:05:59]} Bxc5 1/2-1/2

[Event "euyr2018"]
[Site "?"]
[Date "2018.05.26"]
[Round "6.13"]
[White "Malyovanyi, Yulian"]
[Black "Pribyl, Viktor"]
[Result "1-0"]
[BlackElo "1908"]
[WhiteElo "1972"]
[LiveChessVersion "1.4.8"]

1. e4 {[%clk 0:20:19]} c5 {[%clk 0:20:20]} 2. Nf3 {[%clk 0:20:28]} d6
{[%clk 0:20:29]} 3. d4 {[%clk 0:20:37]} cxd4 {[%clk 0:20:38]} 4. Nxd4
{[%clk 0:20:46]} Nf6 {[%clk 0:20:48]} 5. Nc3 a6 6. Bg5 {[%clk 0:21:02]} Nbd7
{[%clk 0:21:06]} 7. Be2 {[%clk 0:20:51]} e6 {[%clk 0:20:41]} 8. a4
{[%clk 0:20:40]} Be7 {[%clk 0:20:39]} 9. O-O {[%clk 0:19:48]} O-O
{[%clk 0:20:46]} 10. Nb3 {[%clk 0:19:19]} b6 {[%clk 0:20:41]} 11. f4
{[%clk 0:19:22]} Qc7 {[%clk 0:20:37]} 12. Bf3 {[%clk 0:19:24]} Bb7
{[%clk 0:20:46]} 13. Kh1 {[%clk 0:18:55]} Rfe8 {[%clk 0:17:58]} 14. Qe2
{[%clk 0:17:33]} h6 {[%clk 0:17:27]} 15. Bh4 {[%clk 0:14:47]} Nxe4
{[%clk 0:16:43]} 16. Bxe4 {[%clk 0:14:24]} Bxh4 {[%clk 0:16:37]} 17. Bxb7
{[%clk 0:13:47]} Qxb7 {[%clk 0:16:42]} 18. Ne4 {[%clk 0:11:02]} Be7
{[%clk 0:16:14]} 19. f5 {[%clk 0:10:59]} d5 {[%clk 0:13:35]} 20. fxe6
{[%clk 0:10:06]} fxe6 {[%clk 0:13:41]} 21. Ng3 {[%clk 0:09:37]} Bf6
{[%clk 0:10:12]} 22. c3 {[%clk 0:09:41]} Nc5 {[%clk 0:09:02]} 23. Nd4
{[%clk 0:06:41]} Qd7 {[%clk 0:06:18]} 24. Nf3 {[%clk 0:03:48]} Qd6
{[%clk 0:03:26]} 25. Nh5 {[%clk 0:03:45]} Ne4 {[%clk 0:03:12]} 26. Nd2
{[%clk 0:02:33]} Nxd2 {[%clk 0:03:21]} 27. Nxf6+ {[%clk 0:02:36]} gxf6
{[%clk 0:03:30]} 28. Qxd2 {[%clk 0:02:36]} Kg7 {[%clk 0:03:15]} 29. Rf3
{[%clk 0:02:27]} Rh8 {[%clk 0:01:27]} 30. Raf1 {[%clk 0:02:23]} Raf8
{[%clk 0:00:51]} 31. Qd4 {[%clk 0:02:14]} e5 {[%clk 0:00:35]} 32. Qg4+
{[%clk 0:02:22]} Kf7 {[%clk 0:00:44]} 33. Qh5+ {[%clk 0:02:30]} Ke7
{[%clk 0:00:54]} 34. Rg3 {[%clk 0:02:00]} Rf7 {[%clk 0:00:27]} 35. Rg6
{[%clk 0:01:23]} Qd7 {[%clk 0:00:26]} 36. h3 {[%clk 0:00:47]} Qxa4
{[%clk 0:00:24]} 37. Rfxf6 {[%clk 0:00:33]} Rxf6 {[%clk 0:00:16]} 38. Qxe5+
{[%clk 0:00:42]} Kd7 {[%clk 0:00:25]} 39. Qxd5+ {[%clk 0:00:33]} Ke7
{[%clk 0:00:17]} 40. Qe5+ {[%clk 0:00:38]} Kd7 {[%clk 0:00:27]} 41. Rg7+
{[%clk 0:00:33]} Kc6 {[%clk 0:00:15]} 42. Rc7# {[%clk 0:00:42]} 1-0

[Event "euyr2018"]
[Site "?"]
[Date "2018.05.26"]
[Round "6.14"]
[White "Blaha, Marek"]
[Black "Zetocha, Adrian"]
[Result "1/2-1/2"]
[BlackElo "1887"]
[WhiteElo "1689"]
[LiveChessVersion "1.4.8"]

1. e4 {[%clk 0:20:19]} d6 {[%clk 0:20:18]} 2. d4 {[%clk 0:20:22]} Nf6
{[%clk 0:20:26]} 3. Nc3 {[%clk 0:20:31]} g6 {[%clk 0:20:33]} 4. Nf3
{[%clk 0:20:38]} Bg7 {[%clk 0:20:40]} 5. Be3 {[%clk 0:20:42]} O-O
{[%clk 0:20:44]} 6. Bd3 {[%clk 0:20:30]} Nc6 {[%clk 0:19:49]} 7. a3
{[%clk 0:20:26]} e5 {[%clk 0:19:38]} 8. dxe5 {[%clk 0:20:33]} Nxe5
{[%clk 0:19:18]} 9. Nxe5 {[%clk 0:20:42]} dxe5 {[%clk 0:19:26]} 10. Bc4
{[%clk 0:20:45]} c6 {[%clk 0:18:59]} 11. O-O {[%clk 0:20:30]} Qe7
{[%clk 0:17:28]} 12. b4 {[%clk 0:20:10]} Rd8 {[%clk 0:17:36]} 13. Qe2
{[%clk 0:20:11]} Be6 {[%clk 0:17:33]} 14. Rad1 {[%clk 0:19:45]} Nd7
{[%clk 0:17:21]} 15. Bxe6 {[%clk 0:18:49]} Qxe6 {[%clk 0:17:24]} 16. Rd2
{[%clk 0:17:09]} Nb6 {[%clk 0:17:18]} 17. Rxd8+ {[%clk 0:17:02]} Rxd8
{[%clk 0:17:25]} 18. Rd1 {[%clk 0:17:11]} Rd7 {[%clk 0:16:50]} 19. Bxb6
{[%clk 0:17:06]} axb6 {[%clk 0:16:55]} 20. Rxd7 {[%clk 0:16:56]} Qxd7
{[%clk 0:17:05]} 21. Qd3 {[%clk 0:15:59]} Qxd3 {[%clk 0:14:00]} 22. cxd3
{[%clk 0:16:06]} Bf8 {[%clk 0:14:08]} 23. Kf1 {[%clk 0:13:13]} f5
{[%clk 0:14:11]} 24. Ke2 {[%clk 0:12:58]} Kf7 {[%clk 0:14:18]} 25. Nd1
{[%clk 0:12:20]} Ke6 {[%clk 0:14:13]} 26. Ne3 {[%clk 0:12:19]} b5
{[%clk 0:14:02]} 27. Kd2 {[%clk 0:11:53]} Bh6 {[%clk 0:13:45]} 28. Ke2
{[%clk 0:11:28]} b6 {[%clk 0:12:47]} 29. f3 {[%clk 0:10:57]} Bf4 {[%clk 0:10:02]}
30. g3 {[%clk 0:10:50]} Bg5 {[%clk 0:10:01]} 31. Kd2 {[%clk 0:07:35]} f4
{[%clk 0:09:46]} 32. gxf4 {[%clk 0:06:58]} Bxf4 {[%clk 0:09:53]} 33. h3
{[%clk 0:07:07]} g5 {[%clk 0:09:27]} 34. Ke2 {[%clk 0:07:13]} Bxe3
{[%clk 0:09:35]} 35. Kxe3 {[%clk 0:07:22]} c5 {[%clk 0:09:44]} 36. Kd2
{[%clk 0:07:21]} Kf6 {[%clk 0:09:38]} 37. Kc3 {[%clk 0:07:07]} Ke6
{[%clk 0:05:34]} 38. Kb3 {[%clk 0:07:15]} Kd6 {[%clk 0:05:41]} 39. Kc3
{[%clk 0:07:06]} Kc6 1/2-1/2

[Event "euyr2018"]
[Site "?"]
[Date "2018.05.26"]
[Round "6.15"]
[White "Jun, Rudolf Jr."]
[Black "Popovic, Martin"]
[Result "1/2-1/2"]
[BlackElo "1537"]
[WhiteElo "1624"]
[LiveChessVersion "1.4.8"]

1. e4 {[%clk 0:20:17]} c5 {[%clk 0:20:19]} 2. c4 {[%clk 0:20:26]} Nc6
{[%clk 0:19:47]} 3. Ne2 {[%clk 0:20:33]} g6 {[%clk 0:19:43]} 4. d4
{[%clk 0:20:42]} cxd4 {[%clk 0:19:51]} 5. Nxd4 {[%clk 0:20:51]} Bg7
{[%clk 0:19:56]} 6. Be3 {[%clk 0:21:00]} Nf6 {[%clk 0:19:55]} 7. Nc3
{[%clk 0:21:06]} O-O {[%clk 0:19:56]} 8. Be2 {[%clk 0:21:15]} d6 {[%clk 0:19:49]}
9. f3 {[%clk 0:21:22]} Bd7 {[%clk 0:19:29]} 10. O-O {[%clk 0:21:26]} Rc8
{[%clk 0:19:31]} 11. Rc1 {[%clk 0:21:31]} Ne5 {[%clk 0:18:47]} 12. b3
{[%clk 0:21:31]} Qa5 {[%clk 0:16:58]} 13. Qd2 {[%clk 0:21:08]} Rfe8
{[%clk 0:13:21]} 14. Rfd1 {[%clk 0:19:08]} Nc6 {[%clk 0:13:17]} 15. Ra1
{[%clk 0:15:26]} Nh5 {[%clk 0:11:39]} 16. a3 {[%clk 0:14:28]} Nxd4
{[%clk 0:10:28]} 17. Bxd4 {[%clk 0:14:36]} Bxd4+ {[%clk 0:10:29]} 18. Qxd4
{[%clk 0:14:45]} Nf4 {[%clk 0:10:34]} 19. b4 {[%clk 0:14:12]} Qg5
{[%clk 0:10:03]} 20. g3 {[%clk 0:12:11]} Ba4 {[%clk 0:05:45]} 21. Re1
{[%clk 0:10:19]} Nxe2+ {[%clk 0:05:21]} 22. Nxe2 {[%clk 0:08:58]} Bb3
{[%clk 0:04:34]} 23. Rac1 {[%clk 0:08:51]} b5 {[%clk 0:04:29]} 24. cxb5
{[%clk 0:07:33]} Qxb5 {[%clk 0:04:28]} 25. Qb2 {[%clk 0:05:32]} Qd3
{[%clk 0:03:05]} 26. Rc3 {[%clk 0:05:09]} Rxc3 {[%clk 0:03:07]} 27. Qxc3
{[%clk 0:05:12]} Qxc3 {[%clk 0:02:36]} 28. Nxc3 {[%clk 0:04:44]} Rc8
{[%clk 0:02:17]} 29. Rc1 {[%clk 0:04:53]} Kg7 {[%clk 0:02:11]} 30. Kf2
{[%clk 0:05:01]} a6 {[%clk 0:01:57]} 31. Ke3 {[%clk 0:05:06]} e6 {[%clk 0:01:44]}
1/2-1/2

[Event "euyr2018"]
[Site "?"]
[Date "2018.05.26"]
[Round "6.16"]
[White "Turcan, Richard"]
[Black "Mach, Petr"]
[Result "0-1"]
[BlackElo "1683"]
[WhiteElo "1943"]
[LiveChessVersion "1.4.8"]

1. e4 {[%clk 0:20:18]} c5 {[%clk 0:20:19]} 2. Nf3 {[%clk 0:20:26]} Nc6
{[%clk 0:20:28]} 3. d4 {[%clk 0:20:35]} cxd4 {[%clk 0:20:36]} 4. Nxd4
{[%clk 0:20:44]} g6 {[%clk 0:20:45]} 5. Nc3 {[%clk 0:20:52]} Bg7 {[%clk 0:20:54]}
6. Be3 {[%clk 0:21:00]} Nf6 {[%clk 0:21:01]} 7. Bc4 {[%clk 0:21:09]} O-O
{[%clk 0:21:04]} 8. Bb3 {[%clk 0:21:17]} d6 {[%clk 0:20:51]} 9. f3
{[%clk 0:21:25]} Bd7 {[%clk 0:20:48]} 10. Qd2 {[%clk 0:21:34]} Nxd4
{[%clk 0:20:55]} 11. Bxd4 {[%clk 0:21:42]} b5 {[%clk 0:21:01]} 12. O-O
{[%clk 0:20:39]} a5 {[%clk 0:20:49]} 13. a4 {[%clk 0:20:10]} b4 {[%clk 0:20:54]}
14. Nd5 {[%clk 0:20:12]} Nxd5 {[%clk 0:20:58]} 15. exd5 {[%clk 0:19:10]} Bxd4+
{[%clk 0:20:11]} 16. Qxd4 {[%clk 0:19:18]} Rc8 {[%clk 0:19:32]} 17. Rfe1
{[%clk 0:19:21]} Bf5 {[%clk 0:18:59]} 18. Re2 {[%clk 0:19:07]} Rc7
{[%clk 0:16:46]} 19. Bc4 {[%clk 0:17:13]} Qc8 {[%clk 0:16:26]} 20. b3
{[%clk 0:17:03]} Qb7 {[%clk 0:14:11]} 21. Rae1 {[%clk 0:16:30]} Ra8
{[%clk 0:13:22]} 22. Kh1 {[%clk 0:13:55]} Qa7 {[%clk 0:11:30]} 23. Qh4
{[%clk 0:14:00]} Re8 {[%clk 0:10:41]} 24. Bb5 {[%clk 0:03:56]} Bd7
{[%clk 0:10:50]} 25. Rxe7 {[%clk 0:03:43]} Rxe7 {[%clk 0:10:58]} 26. Qxe7
{[%clk 0:03:47]} Bxb5 {[%clk 0:11:06]} 27. Qd8+ {[%clk 0:03:56]} Kg7
{[%clk 0:11:13]} 28. axb5 {[%clk 0:03:59]} Qf2 {[%clk 0:10:01]} 29. Rg1
{[%clk 0:04:08]} Rxc2 {[%clk 0:10:05]} 30. Qxd6 {[%clk 0:02:09]} Re2
{[%clk 0:09:41]} 31. h3 {[%clk 0:01:39]} a4 {[%clk 0:09:50]} 32. Qxb4
{[%clk 0:01:21]} a3 {[%clk 0:09:18]} 33. Qc3+ {[%clk 0:00:37]} Kh6
{[%clk 0:08:16]} 34. d6 {[%clk 0:00:17]} a2 {[%clk 0:07:36]} 35. d7
{[%clk 0:00:16]} Rd2 {[%clk 0:07:31]} 36. Qc1 {[%clk 0:00:13]} Qd4
{[%clk 0:07:27]} 37. Qa1 {[%clk 0:00:12]} Qxd7 {[%clk 0:07:28]} 38. Qc3 Rd1
{[%clk 0:05:56]} 39. Qe3+ {[%clk 0:00:19]} Kg7 {[%clk 0:06:03]} 40. Qc3+
{[%clk 0:00:27]} f6 {[%clk 0:05:36]} 41. b6 {[%clk 0:00:15]} Rxg1+
{[%clk 0:05:36]} 42. Kxg1 {[%clk 0:00:25]} Qd1+ {[%clk 0:05:45]} 43. Kh2
{[%clk 0:00:33]} a1=Q {[%clk 0:05:54]} 44. Qc7+ {[%clk 0:00:33]} Kh6
{[%clk 0:06:02]} 45. b7 {[%clk 0:00:20]} Qg1+ {[%clk 0:06:01]} 46. Kg3
{[%clk 0:00:28]} Qae1+ {[%clk 0:06:06]} 47. Kf4 {[%clk 0:00:18]} Qge3+
{[%clk 0:06:03]} 48. Kg4 {[%clk 0:00:15]} Qg5# {[%clk 0:06:12]} 0-1

[Event "euyr2018"]
[Site "?"]
[Date "2018.05.26"]
[Round "6.17"]
[White "Persanyi, Barnabas"]
[Black "Mica, Marek"]
[Result "1-0"]
[BlackElo "1801"]
[WhiteElo "2049"]
[LiveChessVersion "1.4.8"]

1. c4 {[%clk 0:20:18]} Nf6 {[%clk 0:20:15]} 2. Nc3 {[%clk 0:20:26]} e5
{[%clk 0:20:14]} 3. g3 {[%clk 0:20:32]} d5 {[%clk 0:20:20]} 4. cxd5
{[%clk 0:20:40]} Nxd5 {[%clk 0:20:29]} 5. Bg2 {[%clk 0:20:46]} Nb6
{[%clk 0:20:37]} 6. Nf3 {[%clk 0:20:54]} Nc6 {[%clk 0:20:46]} 7. O-O
{[%clk 0:21:00]} Be7 {[%clk 0:20:54]} 8. b3 {[%clk 0:21:09]} O-O {[%clk 0:20:57]}
9. Bb2 {[%clk 0:21:08]} Re8 {[%clk 0:21:01]} 10. d3 {[%clk 0:21:05]} Bf8
{[%clk 0:21:09]} 11. Rc1 {[%clk 0:20:46]} Bg4 {[%clk 0:20:18]} 12. Ne4
{[%clk 0:20:07]} Nd4 {[%clk 0:19:51]} 13. Nxd4 {[%clk 0:19:08]} exd4
{[%clk 0:19:57]} 14. Re1 {[%clk 0:19:05]} Bb4 {[%clk 0:19:27]} 15. Nd2
{[%clk 0:18:57]} c6 {[%clk 0:19:34]} 16. a3 {[%clk 0:18:45]} Bf8 {[%clk 0:19:13]}
17. b4 {[%clk 0:17:41]} a5 {[%clk 0:18:01]} 18. bxa5 {[%clk 0:16:24]} Rxa5
{[%clk 0:18:09]} 19. Nb3 {[%clk 0:16:20]} Ra4 {[%clk 0:18:17]} 20. Nc5
{[%clk 0:15:20]} Bxc5 {[%clk 0:17:40]} 21. Rxc5 {[%clk 0:15:27]} Qd6
{[%clk 0:17:32]} 22. Rc2 {[%clk 0:14:37]} Rea8 {[%clk 0:17:07]} 23. Qa1
{[%clk 0:14:01]} Be6 {[%clk 0:16:22]} 24. e3 {[%clk 0:13:25]} Nd5
{[%clk 0:13:40]} 25. Bxd4 {[%clk 0:09:43]} Rxa3 {[%clk 0:13:46]} 26. Qb2
{[%clk 0:09:42]} Qb4 {[%clk 0:12:27]} 27. Rb1 {[%clk 0:08:23]} Qxb2
{[%clk 0:07:40]} 28. Rcxb2 {[%clk 0:08:31]} b5 {[%clk 0:07:26]} 29. e4
{[%clk 0:06:49]} Nc7 {[%clk 0:06:39]} 30. Bb6 {[%clk 0:06:31]} Ne8
{[%clk 0:06:17]} 31. e5 {[%clk 0:06:32]} Rc8 {[%clk 0:04:56]} 32. d4
{[%clk 0:05:48]} Bc4 {[%clk 0:04:18]} 33. Rc1 {[%clk 0:04:50]} Ra6
{[%clk 0:04:12]} 34. Bc5 {[%clk 0:04:57]} Nc7 {[%clk 0:03:50]} 35. Bd6
{[%clk 0:04:24]} Ne6 {[%clk 0:03:35]} 36. d5 {[%clk 0:04:24]} Nd4
{[%clk 0:02:52]} 37. Rd1 {[%clk 0:03:39]} Ne2+ {[%clk 0:02:48]} 38. Rxe2
{[%clk 0:03:16]} Bxe2 {[%clk 0:02:57]} 39. Rc1 {[%clk 0:03:13]} Bc4
{[%clk 0:02:40]} 40. dxc6 {[%clk 0:03:19]} Rcxc6 {[%clk 0:02:33]} 41. Bxc6
{[%clk 0:03:21]} Rxc6 {[%clk 0:02:42]} 42. Ra1 {[%clk 0:03:21]} f6
{[%clk 0:02:24]} 43. f4 {[%clk 0:03:04]} Be6 {[%clk 0:01:08]} 44. h4
{[%clk 0:02:50]} Rc3 {[%clk 0:00:51]} 45. Ra8+ {[%clk 0:02:57]} Kf7
{[%clk 0:00:56]} 46. Ra7+ {[%clk 0:03:05]} Kg6 {[%clk 0:01:00]} 47. h5+
{[%clk 0:02:19]} Kh6 {[%clk 0:00:13]} 48. Bf8 {[%clk 0:02:14]} 1-0

[Event "euyr2018"]
[Site "?"]
[Date "2018.05.26"]
[Round "6.18"]
[White "Sosovickova, Jana"]
[Black "Bochnicka, Vladimir"]
[Result "0-1"]
[BlackElo "1799"]
[WhiteElo "1515"]
[LiveChessVersion "1.4.8"]

1. d4 {[%clk 0:20:17]} Nf6 {[%clk 0:20:17]} 2. Nf3 {[%clk 0:20:25]} g6
{[%clk 0:20:20]} 3. Bf4 {[%clk 0:20:28]} Bg7 {[%clk 0:20:29]} 4. e3
{[%clk 0:20:34]} O-O {[%clk 0:20:29]} 5. Bd3 {[%clk 0:20:31]} d6 {[%clk 0:20:15]}
6. O-O {[%clk 0:20:25]} Nbd7 {[%clk 0:20:24]} 7. Nbd2 {[%clk 0:20:22]} c6
{[%clk 0:19:32]} 8. Ne4 {[%clk 0:19:50]} Nxe4 {[%clk 0:18:58]} 9. Bxe4
{[%clk 0:19:56]} e5 {[%clk 0:18:23]} 10. dxe5 {[%clk 0:19:27]} dxe5
{[%clk 0:18:30]} 11. Bg5 {[%clk 0:19:03]} f6 {[%clk 0:18:26]} 12. Bh4
{[%clk 0:18:39]} g5 {[%clk 0:18:32]} 13. Qd3 {[%clk 0:17:40]} Nb6
{[%clk 0:11:25]} 14. Qb3+ {[%clk 0:16:28]} Kh8 {[%clk 0:11:22]} 15. Rad1
{[%clk 0:15:26]} Qe7 {[%clk 0:11:24]} 16. Bg3 {[%clk 0:14:09]} f5
{[%clk 0:11:30]} 17. Bxc6 {[%clk 0:12:42]} bxc6 {[%clk 0:11:31]} 18. h3
{[%clk 0:11:12]} Be6 {[%clk 0:11:25]} 19. Qc3 {[%clk 0:10:12]} Bc4
{[%clk 0:09:46]} 20. Rfe1 {[%clk 0:09:35]} e4 {[%clk 0:09:50]} 21. Ne5
{[%clk 0:08:08]} Rae8 {[%clk 0:07:24]} 22. b3 {[%clk 0:06:01]} Bxe5
{[%clk 0:06:50]} 23. Bxe5+ {[%clk 0:06:07]} Qxe5 {[%clk 0:06:59]} 24. Qxe5+
{[%clk 0:06:08]} Rxe5 {[%clk 0:07:08]} 25. bxc4 {[%clk 0:06:16]} Nxc4
{[%clk 0:06:44]} 26. Rd7 {[%clk 0:05:54]} Rd5 {[%clk 0:06:43]} 27. Rxa7
{[%clk 0:05:54]} Rd2 {[%clk 0:06:42]} 28. Rb1 {[%clk 0:05:39]} Nd6
{[%clk 0:06:30]} 29. c4 {[%clk 0:05:20]} c5 {[%clk 0:06:06]} 30. Rb3
{[%clk 0:04:13]} f4 {[%clk 0:05:16]} 31. Rb1 {[%clk 0:03:35]} fxe3
{[%clk 0:05:02]} 32. fxe3 {[%clk 0:03:37]} Rf7 {[%clk 0:03:25]} 33. Ra8+
{[%clk 0:02:59]} Kg7 {[%clk 0:03:33]} 34. Rc1 {[%clk 0:02:04]} Rff2
{[%clk 0:03:25]} 35. Ra7+ {[%clk 0:02:02]} Kg6 {[%clk 0:02:43]} 36. Ra6
{[%clk 0:01:54]} Rxg2+ {[%clk 0:02:51]} 37. Kf1 {[%clk 0:01:52]} Rgf2+
{[%clk 0:02:47]} 38. Kg1 {[%clk 0:01:54]} Rf6 {[%clk 0:02:47]} 39. Ra5
{[%clk 0:01:38]} Nf5 {[%clk 0:02:33]} 40. Re1 {[%clk 0:01:28]} Nh4
{[%clk 0:02:34]} 41. Rc1 {[%clk 0:01:28]} Rg2+ {[%clk 0:02:42]} 42. Kh1
{[%clk 0:01:35]} Rf3 {[%clk 0:02:42]} 0-1